000 00878nam a2200253Ia 4500
003 OSt
005 20220927110407.0
006 a|||||r|||| 00| 0
007 ta
008 220926b |||||||| |||| 00| 0 eng d
024 _a61567
037 _cReports
040 _aRTL
_cRTL
_beng
041 _2eng
_aeng
082 _a"X4.212.N8, M4/GD"
110 _a"Kerala, Physical Infrastructure and Transport (Hign level committe on) (1982). (Chairman : G. P. Warrier)"
_9377488
245 0 _aReport.
260 _aTrivandrum
_bGovernment Press India
_c1984
300 _a"vi, 84p."
_ccm.
650 _aTransport Economics -- India
_9377489
700 _a"Kerala, Physical Infrastructure and Transport (Hign level committe on) (1982). (Chairman : G. P. Warrier)"
_9377490
942 _h"X4.212.N8, M4/GD"
_cCC
999 _c696274
_d696274